000 00871nam a2200265Ia 4500
003 OSt
005 20220918170326.0
006 a|||||r|||| 00| 0
007 ta
008 220917b |||||||| |||| 00| 0 eng d
020 _a9780198069942 (hbk)
_c1150
024 _a287,055
037 _b127, 15/12/2015, Excel Book International
_cTextual
040 _aARTS
_cARTS
_beng
041 _2eng
_aeng
082 _aV281.J, Q6
100 _aHabib Mohammad
_928348
245 0 _aStudies in medieval indian polity and culture
_b Delhi Sultanate and its Times
260 _aNew Delhi
_bOxford University Press India
_c2016
300 _aviii, 508p.
_ccm.
650 _aHISTORY
700 _a Habib Irfan Ed.
_928349
942 _hV281.J, Q6
_cTEXL
_2CC
999 _c133648
_d133648